Quiz sur la Gironde - Statistiques

Statistiques générales
  • Ce quiz a été pris 5 895 fois
  • Le résultat moyen est 12 sur 20
Statistiques - réponses
Question Réponse % Correct
Préfecture et plus grande ville Bordeaux
98%
Région dans laquelle il se situe Nouvelle-Aquitaine
96%
Numéro du département 33
95%
Fleuve se jetant dans l'océan Atlantique en Gironde Garonne
89%
Plus haute dune d'Europe, culminant à 102,5 m Dune du Pilat
87%
Pays qui contrôlait la Gironde jusqu'en 1453 Angleterre
83%
Sous-préfecture qui donne son nom au bassin du Pays de Buch Arcachon
77%
Pâtisserie de la préfecture, parfumée au rhum et à la vanille Canelé
70%
Affluent majeur qui la rejoint à son estuaire Dordogne
60%
Seul département français plus vaste que la Gironde Guyane
55%
Maire de la préfecture de 1947 à 1995 et ancien premier ministre Jacques Chaban-Delmas
49%
Village inscrit au patrimoine mondial de l'UNESCO pour sa citémédiévale et connu internationalement pour son vignoble Saint-Emilion
47%
« Commandant » qui a perfectionné le scaphandre autonome Jacques-Yves Cousteau
45%
Sous-préfecture traversée par l'Isle, comme Périgueux Libourne
40%
Région naturelle qui recouvre en grande partie le département Landes de {Gascogne}
39%
Groupe de rock girondin entaché par le drame de Vilnius Noir Désir
37%
Dramaturge qui a réécrit Antigone de Sophocle Jean Anouilh
31%
Imitateur et humoriste né en 1963 à Mérignac Nicolas Canteloup
25%
Sous-préfecture qui est la plus grande agglomération du Médoc Lesparre-Médoc
23%
Nom du département jusqu'en 1795, qui désigne cette confluence Bec-d'{Ambès}
18%
Aucun quiz correspondant
Distribution des résultats
% des personnes avec chaque résultat
Percentile par nombre de réponses
Votre historique - résultats
Vous n’avez pas pris ce quiz